000
00313nam a2200109Ia 4500
008
171211s9999 xx 000 0 und d
245
_a
Experimental Studies Of Neutrino Oscillations
245
_c
Takaaki Kajita
260
_c
2016
650
_x
ASTRONOMY
856
_u
http://down.ebook777.com/064/9789814759311.pdf
999
_c
349391
_d
349391